Statistiques concernant Les footballeurs espagnols en 2024 (image)

Cliquez ici pour prendre le quiz!

Statistiques générales

  • Ce quiz a été pris 84 fois
    (81 depuis la dernière actualisation)
  • Le résultat moyen est 17 sur 20

Statistiques - réponses

Réponse% Correct
Lamine Yamal
100%
Pedri
100%
Álvaro Morata
99%
Gavi
99%
Dani Carvajal
97%
Aymeric Laporte
96%
Rodri
96%
Jordi Alba
95%
Marcos Asensio
89%
Dani Olmo
86%
Kepa
86%
Ferran Torres
84%
Nico Williams
84%
Alejandro Balde
78%
Mikel Oyarzabal
76%
Álex Grimaldo
75%
Pau Cubarsí
72%
Robin Le Normand
63%
Pedro Porro
54%
Fran Garcia
46%

Distribution des résultats

Percentile par nombre de réponses

% des personnes avec chaque résultat

Votre développement - résultats

Vous n’avez pas pris ce quiz depuis la dernière actualisation